000 05006nam a22004698a 4500
005 20010117122637.0
008 010110s2001 nyu | 00| 1aeng
010 _aB-270131-150
020 _a9788174365044
_c295.00
035 _aB-270131-150
040 _adpl
_bEnglish
082 _a921
100 _aSalam Ahmed
245 _aCutting free:
_cby Salma Ahmed
_bthe extraordinary memoir of a Pakistan woman /
260 _aNew Delhi
_bRoli Books
_c2007
270 _aM-75, G.K. II Market,
_bNew Delhi
_e110048
300 _axii, 262p.
_c22cm (pbk)
_bb&w photos
942 _2ddc
_cEN
_mSAL
_h921
999 _c16537
_d16537